Cuentos judíos : relatos familiares /

Guardado en:
书目详细资料
主要作者: Sacher-Masoch, Leopold von (autor)
其他作者: Serra, Esteve (traducción) (traducción)
格式: 图书
语言:西班牙语
出版: Palma de Mallorca, España : José J. de Olañeta, 2008, c2008
丛编:(Erase Una Vez... Biblioteca de Cuentos Maravillosos ; 167)
主题:
标签: 添加标签
没有标签, 成为第一个标记此记录!

MARC

LEADER 00000nam^a2200000^a^4500
001 000441662
005 20250526000000.0
009 20260310123407.942
020 |a 84-9716-533-0 
037 |a Acervo ITESO - Biblioteca 
041 |a ESP 
082 |a 892. 4  |b SAC 
100 |a Sacher-Masoch, Leopold von  |e (autor) 
245 1 0 |a Cuentos judíos :  |b relatos familiares /  |c L. von Sacher-Masoch ; tr. por E. Serra. 
246 2 |a Título en la cubierta: Cuentos judíos 
264 4 |a Palma de Mallorca, España :  |b José J. de Olañeta,  |c 2008, c2008 
300 |a 242 p. ;  |c 21.0 cm. 
336 |a texto  |b txt  |2 rdacontenido 
337 |a sin mediación  |b n  |2 rdamedio 
338 |a volumen  |b nc  |2 rdasoporte 
440 1 |a (Erase Una Vez... Biblioteca de Cuentos Maravillosos ;  |v 167) 
500 |a Traducción de: Contes juifs, récits de famille 
545 0 |a El escritor austríaco Leopold von Sacher-Masoch nació en 1836 en Lvov, región de Galitzia, territorio posteriormente perteneciente a Ucrania y Polonia, y falleció en 1895 en Hesse, Alemania. La novela La venus de las pieles (1870) es el ejemplo más conocido de la fuerte vena erótica que caracteriza a la obra de Sacher-Masoch, quien también escribiera historias de ambiente galitziano y judío como El último rey de los magiares (1867) e Historias galitzianas (1877-1881). Es a partir de escenas representadas en las narraciones de Sacher-Masoch, que los estudiosos de la sexología acuñaron el término masoquismo. 
649 |a XX 
650 |a Judíos en Polonia -  |x Historia -  |y Reino de Galitzia y Lodomeria, 1772-1918 
650 |a Judíos en Europa -  |x Condiciones Sociales y Culturales 
650 |a Judíos en Europa -  |x Historia -  |y 1871-1918 
650 |a Judíos en Europa -  |x Historia -  |y 1789-1900 
650 |a Judíos en Europa -  |x Historia -  |y Siglo XIX 
650 |a Familia en la Literatura 
650 |a Cuentos Judíos 
650 |a Cuentos Maravillosos 
650 |a Historias de Familia 
650 |a Literatura Judía -  |y Siglo XIX 
650 |a Literatura Judía -  |z Alemania 
650 |a Literatura Judía -  |z Austria 
650 |a Literatura Judía -  |z Bélgica 
650 |a Literatura Judía -  |z Bohemia, República Checa (Región) 
650 |a Literatura Judía -  |z República Checa 
650 |a Literatura Judía -  |z Croacia 
650 |a Literatura Judía -  |z Dinamarca 
650 |a Literatura Judía -  |z España 
650 |a Literatura Judía -  |z Holanda 
650 |a Literatura Judía -  |z Hungría 
650 |a Literatura Judía -  |z Inglaterra 
650 |a Literatura Judía -  |z Italia 
650 |a Literatura Judía -  |z Polonia 
650 |a Literatura Judía -  |z Rumania 
650 |a Literatura Judía -  |z Rusia 
650 |a Literatura Judía -  |z Suecia 
650 |a Literatura Judía -  |z Suiza 
650 |a Literatura Judía -  |z Turquía 
650 |a Literatura Alemana -  |y Siglo XIX 
650 |a Literatura Austríaca -  |y Siglo XIX 
650 |a Literatura Belga -  |y Siglo XIX 
650 |a Literatura Checa -  |y Siglo XIX 
650 |a Literatura Croata -  |y Siglo XIX 
650 |a Literatura Danesa -  |y Siglo XIX 
650 |a Literatura Española -  |y Siglo XIX 
650 |a Literatura Holandesa -  |y Siglo XIX 
650 |a Literatura Húngara -  |y Siglo XIX 
650 |a Literatura Inglesa -  |y Siglo XIX 
650 |a Literatura Israelí -  |y Siglo XIX 
650 |a Literatura Italiana -  |y Siglo XIX 
650 |a Literatura Polaca -  |y Siglo XIX 
650 |a Literatura Rumana -  |y Siglo XIX 
650 |a Literatura Rusa -  |y Siglo XIX 
650 |a Literatura Sueca -  |y Siglo XIX 
650 |a Literatura Suiza -  |y Siglo XIX 
650 |a Literatura Turca -  |y Siglo XIX 
650 |a Literatura Religiosa 
650 |a Judaísmo 
650 |a Religión y Literatura 
700 |a Serra, Esteve  |e (traducción) 
910 |a Fondo Castillo-Martínez 
920 |a Impresos - Libros 
930 |a Libros Antiguos y Raros 
940 |a Literatura 
905 |a 108 
901 |a 0500344519  |b IT2  |c LRA  |i D127258  |u 20250526 
902 |a https://opac.biblio.iteso.mx/vufind/Record/000441662